Vista normal Vista MARC

Entrada Topical Term

Número de registros utilizados en: 1

001 - CONTROL NUMBER

  • control field: 42290

003 - CONTROL NUMBER IDENTIFIER

  • control field: OSt

005 - DATE AND TIME OF LATEST TRANSACTION

  • control field: 20210920195643.0

008 - FIXED-LENGTH DATA ELEMENTS

  • fixed length control field: 860211i| anannbabn |a ana

040 ## - CATALOGING SOURCE

  • Original cataloging agency: la-la

083 ## - DEWEY DECIMAL CLASSIFICATION NUMBER

  • Classification number element-single number or beginning number of span: 005.117-20 ed.

150 ## - HEADING--TOPICAL TERM

  • Topical term or geographic name entry element: Metodos Orientados a Objetos (Computadores)

550 ## - SEE ALSO FROM TRACING--TOPICAL TERM

  • Control subfield: g
  • Topical term or geographic name entry element: Diseño de sistemas

550 ## - SEE ALSO FROM TRACING--TOPICAL TERM

  • Control subfield: g
  • Topical term or geographic name entry element: Metodo de booch

550 ## - SEE ALSO FROM TRACING--TOPICAL TERM

  • Control subfield: h
  • Topical term or geographic name entry element: Bases de datos orientadas a objetos

550 ## - SEE ALSO FROM TRACING--TOPICAL TERM

  • Control subfield: h
  • Topical term or geographic name entry element: Programacion orientada a objetos (computacion)

550 ## - SEE ALSO FROM TRACING--TOPICAL TERM

  • Control subfield: h
  • Topical term or geographic name entry element: Uml (computacion)

670 ## - SOURCE DATA FOUND

  • Source citation: LEMB

670 ## - SOURCE DATA FOUND

  • Source citation: Library of Congress. CDMARC Subject, diciembre 1996.

750 ## - ESTABLISHED HEADING LINKING ENTRY--TOPICAL TERM

  • Topical term or geographic name entry element: Object-oriented methods (computer)